Normal view
MARC view
Entry Personal Name
001 - CONTROL NUMBER
- control field: 9652
003 - CONTROL NUMBER IDENTIFIER
- control field: BD-RjUL
005 - DATE AND TIME OF LATEST TRANSACTION
- control field: 20231018110338.0
008 - FIXED-LENGTH DATA ELEMENTS
- fixed length control field: 231018|| aca||aabn | a|a d
040 ## - CATALOGING SOURCE
- Original cataloging agency: BD-RjUL
- Transcribing agency: BD-RjUL
100 ## - HEADING--PERSONAL NAME
- Personal name: Morris, Gregory
- Fuller form of name: (Gregory DL)
670 ## - SOURCE DATA FOUND
- Source citation: Work cat.: (BD-RjUL)82151: Morris, Triffin (Triffin I.), author. 9647, A history of the theatre costume business :